All Spike Factory Upgrades - Bloons TD 6 - Statistics

General Stats
  • This quiz has been taken 23 times
    9 since last reset
  • The average score is 15 of 16
Answer Stats
Upgrade % Correct
Bigger Stacks
100%
Carpet of Spikes
100%
Deadly Spikes
100%
Even Faster Production
100%
Faster Production
100%
Long Life Spikes
100%
Perma-Spike
100%
Smart Spikes
100%
Spiked Balls
100%
Spiked Mines
100%
White Hot Spikes
100%
MOAB SHREDR
88%
Spike Storm
88%
Super Mines
88%
Long Reach
63%
Mega Massive Munitions Factory
50%
No matching quizzes found
Score Distribution
Percent of People with Each Score
Percentile by Number Answered
Your Score History
You have not taken this quiz since the last reset